[Event "3. Aberto Internacional Carlos I"]
[Site "Sanxenxo ESP"]
[Date "2011.06.30"]
[Round "6.10"]
[White "Solomons, Anzel"]
[Black "Torres Dominguez, David"]
[Result "1/2-1/2"]
[WhiteElo "1914"]
[BlackElo "2138"]
[PlyCount "76"]
[EventDate "2011.06.25"]
[EventType "swiss"]
[EventRounds "9"]
[EventCountry "ESP"]
[Source "lmi"]
[SourceDate "2011.06.25"]

1. d4 d6 2. e4 Nf6 3. Nc3 c6 4. h3 b5 5. a3 a6 6. Nf3 e6 7. Be3 d5 8. e5 Nfd7
9. Ne2 c5 10. c3 Nc6 11. Rc1 c4 12. Ng3 a5 13. b4 Be7 14. Be2 axb4 15. axb4 O-O
16. O-O f6 17. exf6 Bxf6 18. Qd2 e5 19. dxe5 Ndxe5 20. Rfd1 Be6 21. Ng5 Bxg5
22. Bxg5 Qd7 23. Be3 Rad8 24. Bb6 Rb8 25. Bc5 Rfd8 26. f4 Ng6 27. f5 Bxf5 28.
Nxf5 Qxf5 29. Bg4 Qf4 30. Be6+ Kh8 31. Be3 Qe4 32. Bg4 Nce5 33. Bg5 Rd6 34. Re1
Qd3 35. Be2 Qxd2 36. Bxd2 Re8 37. Bh5 Rde6 38. Rcd1 Kg8 1/2-1/2

[Event "3. Aberto Internacional Carlos I"]
[Site "Sanxenxo ESP"]
[Date "2011.07.01"]
[Round "7.1"]
[White "Recuero Guerra, David"]
[Black "Bykov, Alexey"]
[Result "1/2-1/2"]
[WhiteElo "2455"]
[BlackElo "2278"]
[PlyCount "65"]
[EventDate "2011.06.25"]
[EventType "swiss"]
[EventRounds "9"]
[EventCountry "ESP"]
[Source "lmi"]
[SourceDate "2011.06.25"]

1. d4 d5 2. c4 c6 3. Nf3 Nf6 4. Qc2 dxc4 5. Qxc4 Bf5 6. Nc3 e6 7. g3 Be7 8. Bg2
O-O 9. O-O Nbd7 10. e3 h6 11. Rd1 Bc2 12. Re1 Bh7 13. e4 Rc8 14. Qe2 b5 15. a3
a5 16. d5 b4 17. axb4 axb4 18. dxc6 Nc5 19. Rd1 Qb6 20. Nd5 exd5 21. exd5 Bd6
22. Be3 Be4 23. Qc4 Bxd5 24. Rxd5 Nxd5 25. Qxd5 Qxc6 26. Qf5 Qe4 27. Nd4 Qxf5
28. Nxf5 Nb3 29. Ra4 Bc5 30. Bd5 g6 31. Bxb3 gxf5 32. Bxc5 Rxc5 33. Rxb4
1/2-1/2

[Event "3. Aberto Internacional Carlos I"]
[Site "Sanxenxo ESP"]
[Date "2011.07.01"]
[Round "7.2"]
[White "Santos Latasa, Jaime"]
[Black "Gomez Garrido, Camilo"]
[Result "0-1"]
[WhiteElo "2230"]
[BlackElo "2516"]
[PlyCount "64"]
[EventDate "2011.06.25"]
[EventType "swiss"]
[EventRounds "9"]
[EventCountry "ESP"]
[Source "lmi"]
[SourceDate "2011.06.25"]

1. e4 c5 2. Nf3 d6 3. d4 cxd4 4. Nxd4 Nf6 5. Nc3 a6 6. Bg5 Nbd7 7. Bc4 Qb6 8.
Qd2 e6 9. O-O Be7 10. Bxe6 fxe6 11. Nxe6 Kf7 12. Nd5 Nxd5 13. Qxd5 Nf6 14. Nd8+
Ke8 15. Bxf6 gxf6 16. Ne6 Bxe6 17. Qxe6 Qxb2 18. f4 Qc3 19. Rad1 Qc6 20. Kh1
Rd8 21. Qf5 Rd7 22. e5 Rg8 23. Qh3 dxe5 24. Rxd7 Qxd7 25. Qh5+ Kd8 26. fxe5 Qg4
27. Qxg4 Rxg4 28. exf6 Bf8 29. h3 Rg6 30. g4 Ke8 31. a4 b6 32. Rf4 Kf7 0-1

[Event "3. Aberto Internacional Carlos I"]
[Site "Sanxenxo ESP"]
[Date "2011.07.01"]
[Round "7.3"]
[White "Paunovic, Dragan"]
[Black "Medarde Santiago, Luis Marcos"]
[Result "1-0"]
[WhiteElo "2504"]
[BlackElo "2018"]
[PlyCount "59"]
[EventDate "2011.06.25"]
[EventType "swiss"]
[EventRounds "9"]
[EventCountry "ESP"]
[Source "lmi"]
[SourceDate "2011.06.25"]

1. Nf3 Nf6 2. c4 c5 3. g3 g6 4. Bg2 Bg7 5. O-O O-O 6. d4 cxd4 7. Nxd4 Nc6 8.
Nc3 Qb6 9. Nb3 d6 10. Be3 Qc7 11. Rc1 Rd8 12. Nd5 Qb8 13. Bg5 Be6 14. Qd2 Bxd5
15. cxd5 Ne5 16. Na5 b6 17. Nc6 Nxc6 18. dxc6 Qc7 19. b4 b5 20. a4 bxa4 21. Qa2
Rdb8 22. Qxa4 d5 23. b5 a6 24. bxa6 Rb6 25. a7 Ne8 26. Bxd5 Rxa7 27. Qc4 Nd6
28. Qd3 e6 29. Bg2 Nf5 30. Bd8 1-0

[Event "3. Aberto Internacional Carlos I"]
[Site "Sanxenxo ESP"]
[Date "2011.07.01"]
[Round "7.5"]
[White "Fernandez Cardoso, Alexey"]
[Black "Rodriguez Lopez, Rafael"]
[Result "1/2-1/2"]
[WhiteElo "2473"]
[BlackElo "2320"]
[PlyCount "94"]
[EventDate "2011.06.25"]
[EventType "swiss"]
[EventRounds "9"]
[EventCountry "ESP"]
[Source "lmi"]
[SourceDate "2011.06.25"]

1. e4 c5 2. Nf3 e6 3. d4 cxd4 4. Nxd4 a6 5. Nc3 b5 6. Bd3 d6 7. O-O Nf6 8. Qe2
Be7 9. a4 b4 10. Na2 e5 11. Nb3 Nc6 12. Bc4 O-O 13. Bg5 a5 14. Rfd1 Bg4 15. f3
Be6 16. Bxf6 Bxf6 17. Bxe6 fxe6 18. Qc4 Qb6+ 19. Kh1 Nd8 20. c3 Rf7 21. cxb4
axb4 22. a5 Qb8 23. Rac1 Rb7 24. Qd3 Be7 25. Rc4 d5 26. exd5 Rd7 27. Qe4 Qb5
28. d6 Bxd6 29. Rcc1 Rb8 30. Qc4 Qb7 31. a6 Qb6 32. Qd3 Nf7 33. Qc4 Ra7 34.
Qxe6 Qxa6 35. Ra1 Bf8 36. Qxa6 Rxa6 37. Nac1 Rxa1 38. Nxa1 Nd6 39. Re1 Re8 40.
Nc2 e4 41. fxe4 Rxe4 42. Rxe4 Nxe4 43. g3 g6 44. Kg2 Bg7 45. b3 Bb2 46. Ne2 Nc5
47. Nxb4 Nxb3 1/2-1/2

[Event "3. Aberto Internacional Carlos I"]
[Site "Sanxenxo ESP"]
[Date "2011.07.01"]
[Round "7.6"]
[White "Martinez Rodriguez, Pablo"]
[Black "Guerra Mendez, Jose Angel"]
[Result "0-1"]
[WhiteElo "2286"]
[BlackElo "2472"]
[PlyCount "64"]
[EventDate "2011.06.25"]
[EventType "swiss"]
[EventRounds "9"]
[EventCountry "ESP"]
[Source "lmi"]
[SourceDate "2011.06.25"]

1. d4 Nf6 2. c4 g6 3. Nc3 Bg7 4. e4 d6 5. Nf3 O-O 6. Be2 Nbd7 7. O-O e5 8. Re1
exd4 9. Nxd4 Re8 10. Bf1 c6 11. Rb1 a6 12. f3 Qc7 13. Kh1 b6 14. Be3 Bb7 15.
Qd2 Rad8 16. Rbc1 Qb8 17. b4 Ba8 18. a3 Ne5 19. Bg1 h5 20. Qf2 b5 21. cxb5 cxb5
22. a4 bxa4 23. b5 d5 24. exd5 Nxd5 25. Nxd5 Rxd5 26. bxa6 Red8 27. Rb1 Qd6 28.
a7 Nd3 29. Bxd3 Bxd4 30. Qh4 Bxg1 31. Bc4 Bxa7 32. Bxd5 Qxd5 0-1

[Event "3. Aberto Internacional Carlos I"]
[Site "Sanxenxo ESP"]
[Date "2011.07.01"]
[Round "7.7"]
[White "Ortiz Suarez, Isan Reynaldo"]
[Black "Gomez Ledo, Roberto Carlos"]
[Result "1/2-1/2"]
[WhiteElo "2569"]
[BlackElo "2429"]
[PlyCount "60"]
[EventDate "2011.06.25"]
[EventType "swiss"]
[EventRounds "9"]
[EventCountry "ESP"]
[Source "lmi"]
[SourceDate "2011.06.25"]

1. c4 e6 2. Nf3 d5 3. g3 c5 4. Bg2 Nc6 5. O-O Nf6 6. cxd5 exd5 7. d4 Be7 8. Nc3
O-O 9. Bg5 cxd4 10. Nxd4 h6 11. Bxf6 Bxf6 12. e3 Nxd4 13. exd4 Be6 14. Qb3 Bxd4
15. Nxd5 Bxd5 16. Qxd5 Qxd5 17. Bxd5 Rad8 18. Bxb7 Bxb2 19. Rad1 Bd4 20. Bf3
Bb6 21. Rxd8 Rxd8 22. Rd1 Rxd1+ 23. Bxd1 Kf8 24. Kf1 Ke7 25. Ke2 Kd6 26. f3 Bg1
27. Kf1 Bb6 28. Ke2 Bg1 29. Kf1 Bb6 30. Ke2 Bg1 1/2-1/2

[Event "3. Aberto Internacional Carlos I"]
[Site "Sanxenxo ESP"]
[Date "2011.07.01"]
[Round "7.8"]
[White "Strikovic, Aleksa"]
[Black "Lopez Lopez, Alfredo"]
[Result "1-0"]
[WhiteElo "2559"]
[BlackElo "2092"]
[PlyCount "55"]
[EventDate "2011.06.25"]
[EventType "swiss"]
[EventRounds "9"]
[EventCountry "ESP"]
[Source "lmi"]
[SourceDate "2011.06.25"]

1. e4 e6 2. d4 d5 3. Nc3 Nf6 4. e5 Nfd7 5. f4 c5 6. Nf3 Nc6 7. Be3 a6 8. g3 b5
9. Bg2 b4 10. Ne2 Be7 11. O-O a5 12. f5 cxd4 13. Nexd4 Ndxe5 14. Nxe5 Nxe5 15.
fxe6 Bxe6 16. Nxe6 fxe6 17. Bd4 Ng6 18. Bxg7 Qb6+ 19. Kh1 Rg8 20. Bd4 Bc5 21.
c3 Bxd4 22. cxd4 Rc8 23. Qe2 Ne7 24. Rae1 Rg6 25. Bh3 Kd7 26. Rf7 Rc4 27. Qh5
Rc7 28. Rxe7+ 1-0

[Event "3. Aberto Internacional Carlos I"]
[Site "Sanxenxo ESP"]
[Date "2011.07.01"]
[Round "7.9"]
[White "Montero Campuzano, Rafael"]
[Black "Garcia Castro, Pablo"]
[Result "1/2-1/2"]
[WhiteElo "2139"]
[BlackElo "2391"]
[PlyCount "120"]
[EventDate "2011.06.25"]
[EventType "swiss"]
[EventRounds "9"]
[EventCountry "ESP"]
[Source "lmi"]
[SourceDate "2011.06.25"]

1. c4 g6 2. g3 d6 3. Bg2 Nc6 4. Nc3 e5 5. e4 Be6 6. Nd5 Nd4 7. d3 c6 8. Ne3 h5
9. h3 h4 10. g4 Bh6 11. Ne2 Nxe2 12. Qxe2 Ne7 13. b4 Bf4 14. Nf5 Bxc1 15. Ng7+
Kd7 16. Rxc1 c5 17. f4 exf4 18. e5 Qc7 19. exd6 Qxd6 20. Qe4 Nc6 21. bxc5 Qd4
22. Nxe6 Qxe4+ 23. Bxe4 Kxe6 24. Rb1 Rab8 25. Kf2 Rhd8 26. Rhe1 Kf6 27. Rb5 Ne5
28. g5+ Kg7 29. Rb3 b6 30. Bd5 Re8 31. d4 Nd7 32. Rxe8 Rxe8 33. Bc6 Rd8 34.
Bxd7 Rxd7 35. c6 Rxd4 36. c5 Rc4 37. cxb6 axb6 38. Rxb6 Rc2+ 39. Kf3 Rxa2 40.
Kxf4 Ra5 41. Ke4 Rc5 42. Kd4 Rc1 43. Kd5 Rd1+ 44. Kc5 Rc1+ 45. Kb5 Rc3 46. Ka6
Rxh3 47. c7 Rc3 48. Kb7 h3 49. c8=Q Rxc8 50. Kxc8 h2 51. Rb1 f6 52. Rh1 fxg5
53. Rxh2 Kf6 54. Rf2+ Ke5 55. Kd7 g4 56. Ke7 Ke4 57. Kf6 g3 58. Ra2 Kf3 59. Kg5
g2 60. Ra1 Kf2 1/2-1/2

[Event "3. Aberto Internacional Carlos I"]
[Site "Sanxenxo ESP"]
[Date "2011.07.01"]
[Round "7.10"]
[White "Torres Dominguez, David"]
[Black "Salgado Lopez, Oscar"]
[Result "1-0"]
[WhiteElo "2138"]
[BlackElo "2219"]
[PlyCount "57"]
[EventDate "2011.06.25"]
[EventType "swiss"]
[EventRounds "9"]
[EventCountry "ESP"]
[Source "lmi"]
[SourceDate "2011.06.25"]

1. a3 g6 2. d4 Bg7 3. Nf3 Nf6 4. c4 O-O 5. Bg5 d6 6. Nc3 c6 7. e4 Qc7 8. Be2
Bg4 9. O-O Nbd7 10. b4 e5 11. d5 Bxf3 12. Bxf3 cxd5 13. Nxd5 Nxd5 14. cxd5 f5
15. Rc1 Qb8 16. Qd3 Bf6 17. Bh6 Bg7 18. Bg5 Bf6 19. Bd2 Bd8 20. Bh6 Bb6 21.
exf5 gxf5 22. Be4 fxe4 23. Qg3+ Kf7 24. Qg4 Ke8 25. Qe6+ Kd8 26. Bg5+ Rf6 27.
Bxf6+ Nxf6 28. Qxf6+ Ke8 29. Qh8+ 1-0

[Event "3. Aberto Internacional Carlos I"]
[Site "Sanxenxo ESP"]
[Date "2011.07.02"]
[Round "8.1"]
[White "Bykov, Alexey"]
[Black "Paunovic, Dragan"]
[Result "0-1"]
[WhiteElo "2278"]
[BlackElo "2504"]
[PlyCount "57"]
[EventDate "2011.06.25"]
[EventType "swiss"]
[EventRounds "9"]
[EventCountry "ESP"]
[Source "lmi"]
[SourceDate "2011.06.25"]

1. d4 d6 2. Nf3 g6 3. g3 Bg7 4. Bg2 Nf6 5. c4 O-O 6. Nc3 c6 7. O-O Qa5 8. e4 e5
9. Re1 Nbd7 10. h3 exd4 11. Nxd4 Re8 12. Be3 Ne5 13. Bf1 Be6 14. Nxe6 Rxe6 15.
Rb1 Rae8 16. f4 Ned7 17. Bg2 Nb6 18. Qd3 Nfd7 19. Bf2 Nc5 20. Qc2 Qb4 21. e5
Nxc4 22. Nd5 cxd5 23. Bxd5 Nb6 24. Bxe6 Nxe6 25. Re4 Qb5 26. exd6 Rd8 27. Rd1
Qxb2 28. Qxb2 Bxb2 29. Kg2 0-1

[Event "3. Aberto Internacional Carlos I"]
[Site "Sanxenxo ESP"]
[Date "2011.07.02"]
[Round "8.4"]
[White "Fernandez Saavedra, Jose Luis"]
[Black "Strikovic, Aleksa"]
[Result "0-1"]
[WhiteElo "2143"]
[BlackElo "2559"]
[PlyCount "94"]
[EventDate "2011.06.25"]
[EventType "swiss"]
[EventRounds "9"]
[EventCountry "ESP"]
[Source "lmi"]
[SourceDate "2011.06.25"]

1. Nf3 d6 2. d4 Nd7 3. c4 e5 4. e4 Ngf6 5. Nc3 g6 6. Be2 Bg7 7. O-O O-O 8. Re1
c6 9. Bf1 a5 10. dxe5 dxe5 11. Na4 Qe7 12. Qc2 Ne8 13. c5 Nc7 14. Bg5 f6 15.
Bc4+ Kh8 16. Be3 Ne6 17. Bb3 f5 18. exf5 gxf5 19. Rad1 e4 20. Nd4 Nxd4 21. Bxd4
Bxd4 22. Rxd4 Ne5 23. Rd6 b5 24. Nb6 Rb8 25. Qc3 Qg7 26. Kh1 Nd3 27. Qxg7+ Kxg7
28. Re2 Nxc5 29. Rxc6 Nxb3 30. axb3 Bb7 31. Rd6 f4 32. Rc2 Rf7 33. h4 Re8 34.
Re2 Re5 35. Kh2 e3 36. fxe3 fxe3 37. Kg3 h5 38. Rd7 Rxd7 39. Nxd7 Rd5 40. Nb8
Rd8 41. Rxe3 Kf6 42. Kf4 Rxb8 43. Re5 Bxg2 44. Rxh5 Ke6 45. Ke3 Bd5 46. b4 axb4
47. Kd4 Bc4 0-1

[Event "3. Aberto Internacional Carlos I"]
[Site "Sanxenxo ESP"]
[Date "2011.07.02"]
[Round "8.5"]
[White "Gomez Ledo, Roberto Carlos"]
[Black "Fernandez Cardoso, Alexey"]
[Result "1/2-1/2"]
[WhiteElo "2429"]
[BlackElo "2473"]
[PlyCount "62"]
[EventDate "2011.06.25"]
[EventType "swiss"]
[EventRounds "9"]
[EventCountry "ESP"]
[Source "lmi"]
[SourceDate "2011.06.25"]

1. Nf3 Nf6 2. d4 d5 3. c4 c6 4. cxd5 cxd5 5. Nc3 Nc6 6. Bf4 a6 7. e3 Bf5 8. Rc1
e6 9. Bd3 Bxd3 10. Qxd3 Bd6 11. Bxd6 Qxd6 12. O-O O-O 13. a3 Rfc8 14. Na4 Na5
15. Nc5 b6 16. Na4 Nc4 17. Rc2 b5 18. Nc5 Nd7 19. b4 h6 20. h3 Qc6 21. Nd2 Nxd2
22. Rxd2 Nb6 23. Rb2 Nc4 24. Rb3 Nd6 25. Ra1 a5 26. a4 axb4 27. a5 Nb7 28. Nxb7
Qxb7 29. Rxb4 Rc4 30. Qb1 Rxb4 31. Qxb4 Qa6 1/2-1/2

[Event "3. Aberto Internacional Carlos I"]
[Site "Sanxenxo ESP"]
[Date "2011.07.02"]
[Round "8.6"]
[White "Rodriguez Lopez, Rafael"]
[Black "Leiros Vila, Avelino"]
[Result "1/2-1/2"]
[WhiteElo "2320"]
[BlackElo "2189"]
[PlyCount "64"]
[EventDate "2011.06.25"]
[EventType "swiss"]
[EventRounds "9"]
[EventCountry "ESP"]
[Source "lmi"]
[SourceDate "2011.06.25"]

1. e4 c5 2. c3 d5 3. exd5 Qxd5 4. d4 Nc6 5. Nf3 Bg4 6. Be2 cxd4 7. cxd4 e6 8.
O-O Nf6 9. h3 Bh5 10. Nc3 Qa5 11. Be3 Bd6 12. Qb3 Qb4 13. Qxb4 Nxb4 14. Bb5+
Ke7 15. g4 Bg6 16. a3 Nc2 17. Rac1 Nxe3 18. fxe3 Rac8 19. Nh4 Bg3 20. Nxg6+
hxg6 21. Kg2 Bb8 22. Be2 g5 23. Bf3 b6 24. e4 Bf4 25. e5 Nd5 26. Nxd5+ exd5 27.
Rc3 Rxc3 28. bxc3 Rc8 29. Bxd5 Rxc3 30. Rf3 Rc2+ 31. Rf2 Rc3 32. Rf3 Rc2+
1/2-1/2

[Event "3. Aberto Internacional Carlos I"]
[Site "Sanxenxo ESP"]
[Date "2011.07.02"]
[Round "8.7"]
[White "Garcia Castro, Pablo"]
[Black "Torres Dominguez, David"]
[Result "1-0"]
[WhiteElo "2391"]
[BlackElo "2138"]
[PlyCount "79"]
[EventDate "2011.06.25"]
[EventType "swiss"]
[EventRounds "9"]
[EventCountry "ESP"]
[Source "lmi"]
[SourceDate "2011.06.25"]

1. g3 d6 2. Bg2 e5 3. c4 Nc6 4. Nc3 g6 5. e4 Bg7 6. Nge2 Be6 7. d3 Qd7 8. Nd5
Nd8 9. d4 c6 10. Ne3 Nf6 11. h3 exd4 12. Nxd4 O-O 13. Qd3 c5 14. Nxe6 Nxe6 15.
O-O Rfe8 16. Nc2 Rab8 17. Rd1 Red8 18. Bd2 b5 19. Ba5 bxc4 20. Qxc4 Rdc8 21.
Bc3 Ne8 22. Rd2 Qb5 23. Qxb5 Rxb5 24. Rad1 Bxc3 25. bxc3 Rb2 26. Ne3 Rcb8 27.
f4 Rxd2 28. Rxd2 Rb1+ 29. Kf2 N6c7 30. e5 dxe5 31. fxe5 Ne6 32. Nd5 Kg7 33. h4
Rb8 34. Ke3 Rb1 35. Ke2 Rb8 36. Bh3 Rd8 37. Ke3 Kf8 38. c4 Rb8 39. Rf2 Kg7 40.
Nf4 1-0

[Event "3. Aberto Internacional Carlos I"]
[Site "Sanxenxo ESP"]
[Date "2011.07.02"]
[Round "8.10"]
[White "Gonzalez Roca, Pablo"]
[Black "Martinez Rodriguez, Pablo"]
[Result "0-1"]
[WhiteElo "2029"]
[BlackElo "2286"]
[PlyCount "112"]
[EventDate "2011.06.25"]
[EventType "swiss"]
[EventRounds "9"]
[EventCountry "ESP"]
[Source "lmi"]
[SourceDate "2011.06.25"]

1. e4 c6 2. d4 d5 3. e5 Bf5 4. Nf3 e6 5. Be2 Ne7 6. O-O c5 7. dxc5 Nec6 8. Be3
Nd7 9. c4 dxc4 10. Na3 c3 11. bxc3 Bxc5 12. Bxc5 Nxc5 13. Nd4 O-O 14. Nxf5 exf5
15. Nc4 Qe7 16. Qd6 Ne4 17. Qxe7 Nxe7 18. Bf3 Nd5 19. Bxe4 fxe4 20. Rfe1 f5 21.
exf6 Rxf6 22. Rxe4 Nxc3 23. Re7 Rc8 24. Ne5 Rb6 25. Nf3 Rb2 26. a4 a5 27. h3
Ne2+ 28. Kf1 Nf4 29. Rd1 Ng6 30. Red7 Nf8 31. R7d5 Rcc2 32. R1d2 Rxd2 33. Nxd2
Ne6 34. g3 b6 35. Rd6 Nc5 36. Rd4 Nxa4 37. Nc4 Rb1+ 38. Ke2 Nc5 39. Rd5 a4 40.
Nxb6 Rxb6 41. Rxc5 Ra6 42. Rc2 Kf7 43. Ra2 Ke6 44. f4 Kd5 45. Kf3 Kc4 46. g4 a3
47. f5 Kb3 48. Ra1 Kb2 49. Re1 a2 50. g5 a1=Q 51. Rxa1 Rxa1 52. Ke4 Re1+ 53.
Kd5 Rh1 54. Ke6 Rxh3 55. g6 hxg6 56. fxg6 Rf3 0-1

[Event "3. Aberto Internacional Carlos I"]
[Site "Sanxenxo ESP"]
[Date "2011.07.03"]
[Round "9.1"]
[White "Paunovic, Dragan"]
[Black "Gomez Garrido, Camilo"]
[Result "1/2-1/2"]
[WhiteElo "2504"]
[BlackElo "2516"]
[PlyCount "74"]
[EventDate "2011.06.25"]
[EventType "swiss"]
[EventRounds "9"]
[EventCountry "ESP"]
[Source "lmi"]
[SourceDate "2011.06.25"]

1. Nf3 c5 2. g3 Nc6 3. Bg2 g6 4. O-O Bg7 5. c4 d6 6. Nc3 Bf5 7. d3 h5 8. Rb1
Qd7 9. h4 Nf6 10. a3 Bh3 11. b4 Bxg2 12. Kxg2 b6 13. b5 Nd8 14. Bb2 O-O 15. Nd5
Nxd5 16. cxd5 e6 17. Bxg7 Kxg7 18. Qb3 Rc8 19. e4 Rc7 20. a4 Nb7 21. Ng5 exd5
22. exd5 Qf5 23. Ne4 c4 24. Qc3+ f6 25. Qd4 cxd3 26. Rbe1 Rfc8 27. Qxd3 Rc4 28.
Re3 Rxa4 29. Rfe1 Rc7 30. Qd1 Rac4 31. Rf3 Rc1 32. Qd2 Rxe1 33. Rxf5 Rxe4 34.
Rf3 Nc5 35. Re3 Rce7 36. Rxe4 Rxe4 37. Qa2 Ra4 1/2-1/2

[Event "3. Aberto Internacional Carlos I"]
[Site "Sanxenxo ESP"]
[Date "2011.07.03"]
[Round "9.4"]
[White "Fernandez Cardoso, Alexey"]
[Black "Martinez Rodriguez, Pablo"]
[Result "1-0"]
[WhiteElo "2473"]
[BlackElo "2286"]
[PlyCount "95"]
[EventDate "2011.06.25"]
[EventType "swiss"]
[EventRounds "9"]
[EventCountry "ESP"]
[Source "lmi"]
[SourceDate "2011.06.25"]

1. e4 c6 2. d4 d5 3. e5 Bf5 4. Nf3 e6 5. Be2 Ne7 6. O-O c5 7. dxc5 Nd7 8. c4
dxc4 9. Bxc4 Nc6 10. b4 Nxb4 11. Nd4 Bxb1 12. Rxb1 Bxc5 13. Bxe6 O-O 14. Bxf7+
Rxf7 15. e6 Re7 16. exd7 Qxd7 17. Rxb4 Qd5 18. Nc2 Qxd1 19. Rxd1 Bxb4 20. Nxb4
Rc8 21. Be3 Kf7 22. Bxa7 Rd8 23. Rb1 Red7 24. Kf1 Rd1+ 25. Rxd1 Rxd1+ 26. Ke2
Rb1 27. a3 Rb2+ 28. Kd1 Rb1+ 29. Kd2 Rg1 30. g3 g5 31. Nd3 Rh1 32. Be3 Ra1 33.
Bxg5 Rxa3 34. Be3 Kg6 35. Bc5 Rb3 36. Ke3 Kf5 37. f3 Rc3 38. g4+ Ke6 39. Ke4
Rc4+ 40. Bd4 b5 41. f4 b4 42. f5+ Kd6 43. g5 b3 44. h4 Rc2 45. Be5+ Ke7 46. h5
Re2+ 47. Kf4 Rh2 48. g6 1-0

[Event "3. Aberto Internacional Carlos I"]
[Site "Sanxenxo ESP"]
[Date "2011.07.03"]
[Round "9.5"]
[White "Recuero Guerra, David"]
[Black "Ledo Galan, Jose Emilio"]
[Result "1-0"]
[WhiteElo "2455"]
[BlackElo "2050"]
[PlyCount "35"]
[EventDate "2011.06.25"]
[EventType "swiss"]
[EventRounds "9"]
[EventCountry "ESP"]
[Source "lmi"]
[SourceDate "2011.06.25"]

1. c4 c5 2. Nf3 Nf6 3. Nc3 e6 4. g3 b6 5. Bg2 Bb7 6. O-O d5 7. cxd5 exd5 8. d4
c4 9. Ne5 Qc8 10. Qa4+ Nbd7 11. Bg5 a6 12. Nxd7 Nxd7 13. Nxd5 b5 14. Qc2 Bd6
15. Qe4+ Kf8 16. Be7+ Bxe7 17. Qxe7+ Kg8 18. a4 1-0

[Event "3. Aberto Internacional Carlos I"]
[Site "Sanxenxo ESP"]
[Date "2011.07.03"]
[Round "9.6"]
[White "Alcaide Luque, Aitor"]
[Black "Gomez Ledo, Roberto Carlos"]
[Result "0-1"]
[WhiteElo "2190"]
[BlackElo "2429"]
[PlyCount "70"]
[EventDate "2011.06.25"]
[EventType "swiss"]
[EventRounds "9"]
[EventCountry "ESP"]
[Source "lmi"]
[SourceDate "2011.06.25"]

1. d4 Nf6 2. c4 c5 3. d5 e5 4. Nc3 d6 5. e4 Be7 6. f4 exf4 7. Bxf4 O-O 8. Nf3
Re8 9. Bd3 Nh5 10. Be3 Bf6 11. O-O g6 12. Qd2 Nd7 13. Rf2 Ne5 14. Nxe5 Bxe5 15.
Raf1 Rf8 16. Ne2 Qe7 17. Nf4 Nxf4 18. Bxf4 Bd4 19. Be3 Bxe3 20. Qxe3 f6 21. h4
Kg7 22. Rf4 Qe5 23. R1f2 Bd7 24. Be2 Rae8 25. Qb3 Re7 26. Bg4 Bxg4 27. Rxg4 Qd4
28. h5 f5 29. Rgf4 Rxe4 30. Qxb7+ Kh6 31. R4f3 Re1+ 32. Kh2 Qh4+ 33. Rh3 Qxf2
34. hxg6+ Kg5 35. gxh7 Qg1+ 0-1

[Event "3. Aberto Internacional Carlos I"]
[Site "Sanxenxo ESP"]
[Date "2011.07.03"]
[Round "9.7"]
[White "Santos Latasa, Jaime"]
[Black "Garcia Castro, Pablo"]
[Result "1-0"]
[WhiteElo "2230"]
[BlackElo "2391"]
[PlyCount "87"]
[EventDate "2011.06.25"]
[EventType "swiss"]
[EventRounds "9"]
[EventCountry "ESP"]
[Source "lmi"]
[SourceDate "2011.06.25"]

1. d4 Nf6 2. c4 c5 3. d5 e5 4. Nc3 d6 5. e4 Be7 6. g3 h5 7. h4 Bg4 8. f3 Bd7 9.
Bh3 Na6 10. a3 O-O 11. Be3 Qe8 12. Rb1 Bd8 13. Nge2 Ba5 14. Kf2 Bxc3 15. Nxc3
Nc7 16. b4 b6 17. Qe2 Qc8 18. Bxd7 Qxd7 19. Rhg1 Nce8 20. g4 g6 21. Ke1 Kg7 22.
Kd2 Rh8 23. g5 Nh7 24. bxc5 bxc5 25. Rb2 Nc7 26. Rgb1 Rhc8 27. Rb7 Qh3 28. Qf1
Qxf1 29. Rxf1 Nf8 30. f4 Nd7 31. Nb5 Nxb5 32. Rxd7 Nxa3 33. Kc3 Rcb8 34. Ra1
exf4 35. Bxf4 Nxc4 36. Kxc4 Rb4+ 37. Kc3 Rxe4 38. Bxd6 Rae8 39. Raxa7 Re3+ 40.
Kc4 R8e4+ 41. Kb5 Rf3 42. Re7 Rxh4 43. Be5+ Kf8 44. Bf6 1-0

[Event "3. Aberto Internacional Carlos I"]
[Site "Sanxenxo ESP"]
[Date "2011.07.03"]
[Round "9.8"]
[White "Montero Campuzano, Rafael"]
[Black "Rodriguez Lopez, Rafael"]
[Result "0-1"]
[WhiteElo "2139"]
[BlackElo "2320"]
[PlyCount "80"]
[EventDate "2011.06.25"]
[EventType "swiss"]
[EventRounds "9"]
[EventCountry "ESP"]
[Source "lmi"]
[SourceDate "2011.06.25"]

1. c4 c5 2. g3 Nc6 3. Bg2 g6 4. Nc3 Bg7 5. a3 e6 6. b4 Nxb4 7. axb4 cxb4 8. Nb5
Bxa1 9. Ba3 bxa3 10. Qxa1 Nf6 11. Qxa3 Qb6 12. Nd6+ Kd8 13. Nxf7+ Kc7 14. e3
Re8 15. Ne2 d6 16. Nc3 Bd7 17. O-O Bc6 18. Qxd6+ Kc8 19. Bh3 Qc7 20. Bxe6+ Kb8
21. Qxc7+ Kxc7 22. Nd5+ Bxd5 23. cxd5 a5 24. Rc1+ Kb8 25. d3 a4 26. e4 Ra5 27.
g4 g5 28. Nxg5 a3 29. Nf3 Nxg4 30. Bxg4 Rg8 31. Ne5 h5 32. h3 hxg4 33. hxg4 a2
34. Ra1 Ra6 35. f4 b5 36. g5 b4 37. Rxa2 Rxa2 38. Nc6+ Kc7 39. Nxb4 Rb2 40. Nc6
Ra8 0-1